[Event "Lichtenberger Sommer"]
[Site "Berlin"]
[Date "2009.08.16"]
[Round "2.25"]
[White "Schatz, Dieter"]
[Black "Reiche, Henry"]
[Result "1-0"]
[WhiteElo "2203"]
[BlackElo "2012"]
[PlyCount "95"]
[EventDate "2009.??.??"]
[WhiteTeam "SK Landau"]
[BlackTeam "SV Berolina Mitte e.V."]

1. e4 d5 2. Nc3 dxe4 3. Nxe4 g6 4. Nf3 Bg7 5. Bc4 e6 6. d4 Ne7 7. c3 Nd7 8. h4
h5 9. Bg5 f6 10. Bc1 Nb6 11. Bb3 O-O 12. Nc5 Nbd5 13. Qe2 Qd6 14. Ne4 Qd8 15.
Bd2 a5 16. a3 a4 17. Ba2 c6 18. c4 Nc7 19. Bb4 Na6 20. Bc3 Re8 21. Rd1 Nf5 22.
O-O Nc7 23. Rfe1 b6 24. Qc2 Bb7 25. Ng3 Ne7 26. Bb4 Kf7 27. Bb1 Nf5 28. Ne4 Bf8
29. Bc3 Be7 30. Ng3 Qc8 31. Nxf5 exf5 32. Ba2 c5 33. d5 Bd6 34. Qd2 Kg7 35.
Bxf6+ Kxf6 36. Qc3+ Kf7 37. Ng5+ Kg8 38. Qf6 Qd7 39. Qxg6+ Qg7 40. Qxd6 Ra6 41.
Rxe8+ Nxe8 42. Qe6+ Kf8 43. Re1 Ra8 44. Bb1 Nf6 45. Qd6+ Kg8 46. Re7 Qf8 47.
Qe6+ Kh8 48. Rf7 1-0

[Event "Lichtenberger Sommer"]
[Site "Berlin"]
[Date "2009.08.16"]
[Round "2.26"]
[White "Kapp, Martin"]
[Black "Getzuhn, Detlef"]
[Result "1-0"]
[WhiteElo "2134"]
[BlackElo "1957"]
[PlyCount "65"]
[EventDate "2009.??.??"]
[WhiteTeam "TSV IFA Chemnitz"]
[BlackTeam "SV Senat e.V."]

1. d4 Nf6 2. c4 g6 3. Nc3 Bg7 4. e4 d6 5. Be2 O-O 6. Bg5 Nbd7 7. Qd2 b6 8.
O-O-O c5 9. d5 a6 10. Bh6 b5 11. Bxg7 Kxg7 12. cxb5 Qa5 13. g4 Nb6 14. h4 Bxg4
15. f3 Bc8 16. h5 Ng8 17. Qf4 h6 18. Nh3 axb5 19. Bxb5 Bd7 20. Bxd7 Nxd7 21.
Qg3 Ndf6 22. hxg6 Nh5 23. Qg4 Nhf6 24. Qg2 fxg6 25. Rdg1 g5 26. Nxg5 Kh8 27.
Ne6 Rf7 28. Ng7 Rb8 29. Qg6 Rbf8 30. Nf5 Rh7 31. Nxh6 Qa8 32. Qg7+ Rxg7 33.
Nf7# 1-0

[Event "Lichtenberger Sommer"]
[Site "Berlin"]
[Date "2009.08.16"]
[Round "2.27"]
[White "Muskewitz, Bernd"]
[Black "Rohde, Wolfgang"]
[Result "1/2-1/2"]
[WhiteElo "2004"]
[BlackElo "2179"]
[PlyCount "90"]
[EventDate "2009.??.??"]
[WhiteTeam "TSG Oberschöneweide e.V."]
[BlackTeam "SC Friesen Lichtenberg e.V."]

1. d4 Nf6 2. c4 c5 3. e3 g6 4. g3 Bg7 5. Bg2 O-O 6. Nc3 d6 7. Nge2 Nc6 8. O-O
Bd7 9. b3 Qc8 10. Bb2 cxd4 11. Nxd4 Bh3 12. Nd5 Nxd5 13. cxd5 Bxg2 14. Kxg2
Nxd4 15. Bxd4 Qf5 16. Bxg7 Kxg7 17. Qd4+ Qf6 18. Qxf6+ Kxf6 19. f4 Rfc8 20.
Rac1 a5 21. Kf3 h5 22. e4 a4 23. b4 e6 24. dxe6 Kxe6 25. Ke3 Rc6 26. Rxc6 bxc6
27. Rc1 Rc8 28. Kd4 f5 29. exf5+ gxf5 30. a3 Kd7 31. Re1 c5+ 32. Kc4 cxb4+ 33.
Kxb4 Rc2 34. Kxa4 Kc6 35. Re6 Kc5 36. Rf6 Rxh2 37. Rxf5+ Kc4 38. Ka5 d5 39. a4
d4 40. Kb6 d3 41. a5 h4 42. gxh4 Rxh4 43. Rc5+ Kd4 44. Rc8 Rxf4 45. a6 Rf6+
1/2-1/2

[Event "Lichtenberger Sommer"]
[Site "Berlin"]
[Date "2009.08.16"]
[Round "2.28"]
[White "Maahs, Erich"]
[Black "Hohn, August"]
[Result "1/2-1/2"]
[WhiteElo "2174"]
[BlackElo "2069"]
[PlyCount "91"]
[EventDate "2009.??.??"]
[WhiteTeam "SC Concordia SAbt Palame"]
[BlackTeam "SC Zugzwang 95 e.V."]

1. e4 c6 2. Nc3 d5 3. Nf3 Bg4 4. h3 Bh5 5. exd5 cxd5 6. g4 Bg6 7. Bb5+ Nc6 8.
Ne5 Rc8 9. h4 f6 10. Nxg6 hxg6 11. d4 e6 12. Qd3 Kf7 13. h5 gxh5 14. gxh5 Nge7
15. Be3 Nf5 16. O-O-O Qa5 17. Ba4 Bb4 18. Bb3 Bxc3 19. bxc3 Nce7 20. Bd2 b5 21.
Kb1 Rb8 22. c4 bxc4 23. Bxa5 cxd3 24. Rxd3 Nc6 25. Bc3 a5 26. Kc1 Nb4 27. Bxb4
axb4 28. Kb2 Rhc8 29. Rc1 Rh8 30. Rh1 Rbc8 31. a3 bxa3+ 32. Kxa3 g6 33. hxg6+
Kxg6 34. Rxh8 Rxh8 35. c3 Rh4 36. Rf3 Kg5 37. Bc2 Rf4 38. Rxf4 Kxf4 39. Bxf5
Kxf5 40. c4 dxc4 41. Kb4 Ke4 42. Kxc4 f5 43. Kc5 f4 44. Kd6 Kxd4 45. Kxe6 Ke4
46. Kf6 1/2-1/2

[Event "Lichtenberger Sommer"]
[Site "Berlin"]
[Date "2009.08.16"]
[Round "2.29"]
[White "Keusch, Horst"]
[Black "Meißner, Hans-Jürgen"]
[Result "0-1"]
[WhiteElo "1970"]
[BlackElo "2213"]
[PlyCount "138"]
[EventDate "2009.??.??"]
[WhiteTeam "SC Friesen Lichtenberg e.V."]
[BlackTeam "SV Empor Berlin e.V."]

1. f4 Nf6 2. Nf3 g6 3. e3 Bg7 4. Be2 O-O 5. O-O c5 6. d3 Nc6 7. e4 d6 8. c3 b5
9. Qe1 e6 10. Qh4 Nd7 11. Qg3 f5 12. Ng5 Nb6 13. Bf3 d5 14. e5 h6 15. Nh3 Kh7
16. Na3 Ba6 17. Nc2 Rc8 18. Re1 Na4 19. Rd1 Qe7 20. d4 cxd4 21. Nxd4 Nxd4 22.
Rxd4 Bb7 23. Nf2 Nc5 24. Be3 a5 25. Rad1 Rfd8 26. h4 h5 27. Be2 Bc6 28. Bf3 Be8
29. Nh3 Bh6 30. Kh2 Rd7 31. Ng5+ Bxg5 32. hxg5 Kg8 33. Qf2 Rb7 34. R4d2 Ne4 35.
Bxe4 fxe4 36. Kg3 b4 37. Bd4 bxc3 38. Bxc3 a4 39. a3 Rb3 40. Kh2 Rc4 41. Rd4
Bb5 42. Rxc4 Bxc4 43. Bb4 e3 44. Qe1 Qf7 45. Rd4 Qa7 46. Bc3 e2 47. Qd2 Rb8 48.
Kg3 Qf7 49. Qc2 Ra8 50. Bb4 Kg7 51. Bc3 Qa7 52. Qd2 Rf8 53. Qc1 Rf7 54. Qd2 Qb6
55. Kf2 Qb3 56. Ke1 Qa2 57. Qc1 Qb3 58. g3 Rf8 59. Kf2 Kf7 60. Qe3 Rh8 61. Qc1
Rb8 62. Rd2 Qb6+ 63. Rd4 Qa7 64. Ke1 Rh8 65. Kf2 h4 66. gxh4 Rxh4 67. Kg3 Rh5
68. Qg1 Kg8 69. Qg2 Qxd4 0-1

[Event "Lichtenberger Sommer"]
[Site "Berlin"]
[Date "2009.08.16"]
[Round "2.30"]
[White "Junge, Wolfgang"]
[Black "Elsing, Jan"]
[Result "1/2-1/2"]
[WhiteElo "1835"]
[BlackElo "2151"]
[PlyCount "82"]
[EventDate "2009.??.??"]
[WhiteTeam "SC Friesen Lichtenberg e.V."]
[BlackTeam "SC Friesen Lichtenberg e.V."]

1. d4 d5 2. c4 c6 3. Nf3 Nf6 4. Nc3 dxc4 5. a4 Bf5 6. e3 e6 7. Bxc4 Bb4 8. O-O
Nbd7 9. Bd3 Bxd3 10. Qxd3 Bd6 11. Rd1 Qe7 12. e4 e5 13. d5 c5 14. Nb5 O-O 15.
b3 Ne8 16. Be3 a6 17. Na3 h6 18. Nc4 f5 19. Qc2 f4 20. Bd2 g5 21. Ne1 g4 22. g3
Qf6 23. Nd3 f3 24. Nxd6 Qxd6 25. Be3 Rc8 26. Nb2 Qg6 27. Qd3 Nd6 28. Nc4 Rf6
29. Nxd6 Rxd6 30. Rac1 a5 31. Rc2 b6 32. Bd2 Re8 33. Rc4 Kg7 34. Bc1 Rf8 35.
Be3 h5 36. Kf1 h4 37. Ke1 hxg3 38. hxg3 Rh8 39. Kd2 Nf6 40. Kc1 Rh2 41. Qc2 Nd7
1/2-1/2

[Event "Lichtenberger Sommer"]
[Site "Berlin"]
[Date "2009.08.16"]
[Round "2.31"]
[White "Friedrich, Wiede"]
[Black "Mayer, Herbert"]
[Result "1-0"]
[WhiteElo "2087"]
[BlackElo "1917"]
[PlyCount "69"]
[EventDate "2009.??.??"]
[WhiteTeam "USV Potsdam e.V., Abt. Schach"]
[BlackTeam "SC Rochade e.V."]

1. e4 c6 2. d4 d5 3. Nc3 dxe4 4. Nxe4 Bf5 5. Ng3 Bg6 6. Nf3 Nd7 7. h4 h6 8. h5
Bh7 9. Bd3 Bxd3 10. Qxd3 Qc7 11. Rh4 e6 12. Bf4 Qa5+ 13. Bd2 Qc7 14. Bf4 Qa5+
15. Bd2 Qc7 16. O-O-O Ngf6 17. Qe2 O-O-O 18. Ne5 Nxe5 19. dxe5 Nd5 20. Ra4 Kb8
21. Ne4 Be7 22. f4 Nb6 23. Ba5 Rxd1+ 24. Qxd1 c5 25. c4 Qd7 26. Qxd7 Nxd7 27.
Ra3 b6 28. Be1 Rd8 29. Rd3 Kc7 30. Bc3 f6 31. Rg3 f5 32. Nd6 Bf8 33. Rg6 Nb8
34. Rxe6 Nc6 35. Nxf5 1-0

[Event "Lichtenberger Sommer"]
[Site "Berlin"]
[Date "2009.08.16"]
[Round "2.32"]
[White "Schnitzer, Peter"]
[Black "Cremer, Jan Paul"]
[Result "1/2-1/2"]
[WhiteElo "2183"]
[BlackElo "1859"]
[PlyCount "126"]
[EventDate "2009.??.??"]
[WhiteTeam "SC Kreuzberg e.V."]
[BlackTeam "Schachpinguine Berlin e.V."]

1. e4 e5 2. Nf3 Nc6 3. Bb5 f5 4. d3 fxe4 5. dxe4 Nf6 6. O-O Bc5 7. Qd3 d6 8.
Qc4 Bd7 9. Nc3 Nd4 10. Nxe5 Rf8 11. Bxd7+ Nxd7 12. Nxd7 Qxd7 13. Na4 O-O-O 14.
Nxc5 dxc5 15. Qxc5 b6 16. Qc4 Qg4 17. Be3 Nf3+ 18. Kh1 Rd6 19. h3 g5 20. Rfd1
Rh6 21. Qf1 Nh4 22. Rd5 Qxe4 23. Rad1 Kb7 24. Bxg5 Rg8 25. Bxh4 Rxh4 26. R5d3
a5 27. Re1 Qa4 28. Rc3 Qxa2 29. Re7 Rc8 30. b3 Qa3 31. Qe1 Qd6 32. Qe3 Qd1+ 33.
Kh2 Qd6+ 34. Qe5 Qxe5+ 35. Rxe5 Rf4 36. Re7 h5 37. Kg3 Rf5 38. f4 Kb8 39. Re5
Rg8+ 40. Kf3 Rxe5 41. fxe5 Kc8 42. g4 hxg4+ 43. hxg4 Kd7 44. Kf4 Rf8+ 45. Ke4
Rg8 46. Rg3 b5 47. Kf5 Rf8+ 48. Kg6 Ke6 49. g5 Kxe5 50. Kh7 Rf2 51. Rc3 Kd6 52.
g6 Rh2+ 53. Kg8 Rg2 54. g7 c5 55. Rd3+ Kc6 56. c3 a4 57. bxa4 bxa4 58. Rd8 a3
59. c4 a2 60. Ra8 Kd6 61. Kf7 Rf2+ 62. Ke8 Re2+ 63. Kf7 Rf2+ 1/2-1/2

[Event "Lichtenberger Sommer"]
[Site "Berlin"]
[Date "2009.08.16"]
[Round "2.33"]
[White "Tong, Lukas Fabian Chuan"]
[Black "Wasem, Ralph"]
[Result "1-0"]
[WhiteElo "1869"]
[BlackElo "2133"]
[PlyCount "92"]
[EventDate "2009.??.??"]
[WhiteTeam "SC Erlangen 48/88"]
[BlackTeam "SK Landau"]

1. d4 d5 2. c4 e5 3. dxe5 d4 4. Nf3 Nc6 5. a3 Bg4 6. Bf4 Bxf3 7. exf3 g5 8. Bg3
Nge7 9. Bd3 Qd7 10. h4 Bg7 11. hxg5 Nxe5 12. Bxe5 Bxe5 13. Qe2 Bg7 14. Nd2
O-O-O 15. O-O-O Nc6 16. f4 Qd6 17. Qg4+ Kb8 18. Ne4 Qf8 19. Ng3 Qc5 20. Qf5 Qf8
21. Rxh7 Rxh7 22. Qxh7 Na5 23. Qf5 Nb3+ 24. Kc2 Nc5 25. Ne4 Ne6 26. b4 Qe8 27.
b5 Qe7 28. Kb3 Bf8 29. Ra1 Qd7 30. Kc2 Bd6 31. Nf6 Qe7 32. Nd5 Qe8 33. Re1 Qh8
34. Qxf7 Nc5 35. Qh7 Nxd3 36. Qxd3 Qf8 37. Qxd4 Bxa3 38. Qf6 Qg8 39. Kb3 Bc5
40. Qe6 Qh8 41. Qe5 Qh7 42. g6 Qd7 43. Qe6 Qg7 44. Qf6 Qg8 45. Qf7 Qh8 46.
Qxc7+ Ka8 1-0

[Event "Lichtenberger Sommer"]
[Site "Berlin"]
[Date "2009.08.16"]
[Round "2.34"]
[White "Amelang, Thomas"]
[Black "Cerdan Herraez, Manuel Vicente"]
[Result "1/2-1/2"]
[WhiteElo "2176"]
[BlackElo "1900"]
[PlyCount "116"]
[EventDate "2009.??.??"]
[WhiteTeam "SK Siemens München"]
[BlackTeam "CIM Benimaclet - Valencia"]

1. e4 e5 2. Nf3 Nc6 3. Bb5 d6 4. O-O Bd7 5. c3 Qf6 6. d4 Bg4 7. d5 a6 8. Be2
Bxf3 9. Bxf3 Na7 10. Be3 Qe7 11. g3 g6 12. Bg2 Nf6 13. Nd2 Bg7 14. c4 b6 15. b4
O-O 16. Nb3 Nd7 17. a4 c5 18. dxc6 Nxc6 19. Qd2 Rfd8 20. Bh3 Nf6 21. f3 Rab8
22. b5 axb5 23. axb5 Na7 24. Rfc1 Rb7 25. Ra6 Qc7 26. Qf2 Rdb8 27. Na1 h5 28.
Rc2 Kh7 29. Nb3 Bh6 30. Bxh6 Kxh6 31. Bf1 Nc8 32. Nc1 Nd7 33. Na2 Qc5 34. Rd2
Qxf2+ 35. Kxf2 Nc5 36. Ra3 Rd7 37. Bh3 Rd8 38. Bxc8 Rbxc8 39. Nb4 Ra8 40. Rda2
Rxa3 41. Rxa3 Rd7 42. Nd5 Rb7 43. Ke3 Kg7 44. Ra8 Nd7 45. Rc8 Nb8 46. Nc7 Kf6
47. Nd5+ Kg7 48. g4 hxg4 49. fxg4 f6 50. h4 Kf7 51. g5 fxg5 52. hxg5 Nd7 53.
Kf3 Ra7 54. Kg4 Ra1 55. Rc7 Ke6 56. Rb7 Rc1 57. Nc7+ Ke7 58. Na8 Ke6 1/2-1/2

[Event "Lichtenberger Sommer"]
[Site "Berlin"]
[Date "2009.08.16"]
[Round "2.35"]
[White "Jordans, Ralph"]
[Black "Rozov, Boris"]
[Result "1/2-1/2"]
[WhiteElo "1870"]
[BlackElo "2138"]
[PlyCount "83"]
[EventDate "2009.??.??"]
[WhiteTeam "Ford-Schachfreunde Köln e.V."]
[BlackTeam "vereinslos"]

1. c4 e6 2. Nf3 Nf6 3. g3 d5 4. b3 b6 5. Bg2 Nbd7 6. O-O Bb7 7. Bb2 Bb4 8. Na3
O-O 9. Rc1 Qe7 10. Nc2 a5 11. Ncd4 dxc4 12. bxc4 Rac8 13. Nb5 c6 14. Nc3 Ba3
15. Qb3 Bxb2 16. Qxb2 Qb4 17. Nd1 Qxb2 18. Nxb2 Rfd8 19. d3 Kf8 20. Rb1 b5 21.
Nd2 Nc5 22. Rfc1 a4 23. cxb5 cxb5 24. Bxb7 Nxb7 25. Rxc8 Rxc8 26. Nxa4 Nd6 27.
Nb2 Rc2 28. Nb3 Rxe2 29. Kf1 Rc2 30. Nd4 Rc5 31. Nd1 Nd5 32. Nb3 Rc2 33. Ra1
Nb4 34. Nc1 Ke7 35. Ne3 Rb2 36. a3 Nc2 37. Nxc2 Rxc2 38. Ke1 e5 39. Ne2 e4 40.
d4 Nc4 41. a4 bxa4 42. Rxa4 1/2-1/2

[Event "Lichtenberger Sommer"]
[Site "Berlin"]
[Date "2009.08.16"]
[Round "2.36"]
[White "Schüler, Wolfgang"]
[Black "Hertwig, Christopher"]
[Result "0-1"]
[WhiteElo "1998"]
[BlackElo "2063"]
[PlyCount "60"]
[EventDate "2009.??.??"]
[WhiteTeam "SC Friesen Lichtenberg e.V."]
[BlackTeam "SK König Tegel 1949 e.V."]

1. e4 Nf6 2. e5 Nd5 3. d4 d6 4. c4 Nb6 5. exd6 exd6 6. Nf3 Be7 7. Be2 Bg4 8.
Be3 O-O 9. Qd3 Bh5 10. Nc3 Nc6 11. b3 Re8 12. O-O Bg6 13. Qd2 d5 14. c5 Nc8 15.
h3 Bf6 16. Bd3 Be4 17. Be2 N8e7 18. Rac1 Nf5 19. Rfd1 Nxe3 20. fxe3 Bg5 21.
Nxe4 Rxe4 22. Rc3 Bh6 23. Bb5 Ne7 24. Re1 Nf5 25. g4 Nh4 26. Qf2 Nxf3+ 27. Qxf3
Qe7 28. Rd3 c6 29. Ba4 Re8 30. Kf2 Rf4 0-1

[Event "Lichtenberger Sommer"]
[Site "Berlin"]
[Date "2009.08.16"]
[Round "2.37"]
[White "Hahlbohm, Matthias"]
[Black "Nieber, Alexander"]
[Result "1-0"]
[WhiteElo "2084"]
[BlackElo "1826"]
[PlyCount "75"]
[EventDate "2009.??.??"]
[WhiteTeam "TSG Oberschöneweide e.V."]
[BlackTeam "SG Aufbau Elbe Magdeburg"]

1. e4 c5 2. c3 Nf6 3. e5 Nd5 4. d4 Nc6 5. Bc4 Nb6 6. Bb3 e6 7. f4 d5 8. Nf3 Nd7
9. O-O Be7 10. Kh1 O-O 11. a3 b5 12. Bc2 b4 13. axb4 cxb4 14. g4 f6 15. exf6
Nxf6 16. Rg1 Bd6 17. Be3 Qc7 18. Ne5 Ne8 19. Qe1 bxc3 20. bxc3 Nxe5 21. fxe5
Be7 22. Qe2 a5 23. Rc1 Ba6 24. Bd3 Bxd3 25. Qxd3 Qc6 26. Rc2 Bd8 27. Bc1 Rf7
28. Ba3 Rb7 29. Nd2 Bb6 30. Nf3 Rc7 31. Ng5 g6 32. Rf1 Ng7 33. Rcf2 Rcc8 34.
Nf7 Ne8 35. Nh6+ Kg7 36. Rf7+ Kxh6 37. Qh3+ Kg5 38. Bc1# 1-0

[Event "Lichtenberger Sommer"]
[Site "Berlin"]
[Date "2009.08.16"]
[Round "2.38"]
[White "Bandlow, Matthias"]
[Black "Neumann, Joachim"]
[Result "0-1"]
[WhiteElo "1997"]
[BlackElo "2191"]
[PlyCount "66"]
[EventDate "2009.??.??"]
[WhiteTeam "SC Borussia Friedrichsfelde 1920"]
[BlackTeam "Kieler SG von 1884 / Meerbauer"]

1. d4 Nf6 2. c4 g6 3. Nf3 Bg7 4. e3 d6 5. Be2 Nbd7 6. O-O O-O 7. Nc3 c6 8. Qc2
Re8 9. b3 e5 10. dxe5 dxe5 11. Bb2 Nc5 12. e4 Bg4 13. b4 Ne6 14. Rfd1 Qc7 15.
Rd2 Bxf3 16. Bxf3 Nd4 17. Qd1 a5 18. b5 Rad8 19. Be2 Nd7 20. Ba3 Bf8 21. Bxf8
Nxf8 22. Rb1 Nfe6 23. Na4 Qe7 24. bxc6 bxc6 25. Bd3 Qg5 26. Rb7 Re7 27. Rxe7
Qxe7 28. Rb2 Nf4 29. Bf1 Nde2+ 30. Bxe2 Rxd1+ 31. Bxd1 Qd6 32. Rb1 Qd3 33. Rc1
Qd2 0-1

[Event "Lichtenberger Sommer"]
[Site "Berlin"]
[Date "2009.08.16"]
[Round "2.39"]
[White "Belger, Christian"]
[Black "Püschel, Werner"]
[Result "0-1"]
[WhiteElo "1975"]
[BlackElo "2167"]
[PlyCount "96"]
[EventDate "2009.??.??"]
[WhiteTeam "USV Potsdam e.V., Abt. Schach"]
[BlackTeam "SG Lasker Steglitz-Wilmersdorf"]

1. e4 g6 2. d4 Bg7 3. Nf3 d6 4. c4 Nf6 5. Nc3 O-O 6. Be2 c6 7. O-O Bg4 8. Be3
Qc7 9. Ne1 Bxe2 10. Qxe2 e5 11. d5 c5 12. Nd3 a6 13. f3 Qd7 14. a3 Ne8 15. b4
b6 16. a4 a5 17. bxa5 bxa5 18. Qb2 Na6 19. Qb5 Qd8 20. Rfb1 Nb4 21. Nxb4 axb4
22. Ne2 Nc7 23. Qc6 Ra6 24. Qb7 Qd7 25. Rd1 Rfa8 26. Rd2 Qd8 27. Nc1 R8a7 28.
Qxa6 Nxa6 29. Nb3 Qf8 30. g4 f6 31. Rg2 Bh6 32. Kf2 Bxe3+ 33. Kxe3 Qh6+ 34. Ke2
Qh3 35. Rag1 Nc7 36. a5 Na6 37. Ke3 Nb8 38. Ke2 Nd7 39. Ke3 g5 40. Kf2 Nf8 41.
Ke3 Ng6 42. Rf2 Nf4 43. Ra1 Ra6 44. Raa2 h5 45. gxh5 Qxh5 46. Ra1 Qh6 47. Kd2
g4 48. Kc2 Nh3 0-1

[Event "Lichtenberger Sommer"]
[Site "Berlin"]
[Date "2009.08.16"]
[Round "2.40"]
[White "Handel, Horst"]
[Black "Kurbel, Horst-Peter"]
[Result "1-0"]
[WhiteElo "2127"]
[BlackElo "1888"]
[PlyCount "57"]
[EventDate "2009.??.??"]
[WhiteTeam "SC Friesen Lichtenberg e.V."]
[BlackTeam "SV Empor Berlin e.V."]

1. f4 Nf6 2. Nf3 g6 3. d4 Bg7 4. c4 d6 5. Nc3 Bf5 6. Qb3 Qc8 7. Nh4 Be4 8. Nxe4
Nxe4 9. e3 f5 10. Bd3 Nf6 11. Nf3 h6 12. h3 Nbd7 13. g4 e6 14. gxf5 gxf5 15.
Qc2 a5 16. Nh4 c6 17. Qg2 Rg8 18. Bd2 Bh8 19. Qf3 d5 20. O-O-O b5 21. c5 Kd8
22. Rdg1 Kc7 23. Ng6 Qe8 24. Ne5 a4 25. Be1 Ne4 26. Qe2 Ndf6 27. a3 Nh5 28.
Rxg8 Qxg8 29. Qxh5 1-0

[Event "Lichtenberger Sommer"]
[Site "Berlin"]
[Date "2009.08.16"]
[Round "2.41"]
[White "Kapr, Klaus"]
[Black "Jachym, Adam"]
[Result "1-0"]
[WhiteElo "2044"]
[BlackElo "1583"]
[PlyCount "53"]
[EventDate "2009.??.??"]
[WhiteTeam "SC Friesen Lichtenberg e.V."]
[BlackTeam "OKSz Spolem Opole"]

1. e4 e5 2. Nf3 Nc6 3. Bb5 a6 4. Ba4 Nf6 5. O-O Be7 6. Re1 b5 7. Bb3 O-O 8. c3
d6 9. d4 Bg4 10. Be3 Qd7 11. Nbd2 Rfd8 12. a4 Na5 13. dxe5 dxe5 14. Bxf7+ Kf8
15. Ba2 Qe8 16. axb5 Qxb5 17. b4 Nxe4 18. bxa5 Nxc3 19. Qc2 Nxa2 20. Rxa2 Qd5
21. Ra4 Bd7 22. Rc4 Kg8 23. Bg5 Bxg5 24. Nxg5 g6 25. Ndf3 Bf5 26. Qc3 h6 27.
Ne4 1-0

[Event "Lichtenberger Sommer"]
[Site "Berlin"]
[Date "2009.08.16"]
[Round "2.42"]
[White "Scheide, Helmut"]
[Black "Kornrumpf, Joachim"]
[Result "1/2-1/2"]
[WhiteElo "1971"]
[BlackElo "2119"]
[PlyCount "31"]
[EventDate "2009.??.??"]
[WhiteTeam "USV Potsdam e.V., Abt. Schach"]
[BlackTeam "Preetzer TSV"]

1. Nf3 c5 2. c4 e6 3. Nc3 Nf6 4. g3 b6 5. Bg2 Bb7 6. O-O d6 7. d3 Be7 8. e4
Nbd7 9. Ng5 Qc7 10. f4 O-O 11. Qe2 a6 12. b3 Rad8 13. Bb2 Nb8 14. e5 dxe5 15.
fxe5 Nfd7 16. Nce4 1/2-1/2

[Event "Lichtenberger Sommer"]
[Site "Berlin"]
[Date "2009.08.16"]
[Round "2.43"]
[White "Zschäbitz, Klaus"]
[Black "Krawatzki, Armin"]
[Result "1-0"]
[WhiteElo "2101"]
[BlackElo "1874"]
[PlyCount "42"]
[EventDate "2009.??.??"]
[WhiteTeam "BSG 1827 Eckbauer e.V."]
[BlackTeam "SVG Läufer Reinickendorf e.V."]

1. Nf3 d6 2. d4 Nf6 3. c4 g6 4. Nc3 Bg7 5. e4 O-O 6. h3 e5 7. d5 a5 8. Be3 Na6
9. g4 Nc5 10. Nd2 c6 11. a3 Bd7 12. b4 axb4 13. axb4 Rxa1 14. Qxa1 Na6 15. Qa3
cxd5 16. cxd5 Qc7 17. Nc4 Rc8 18. Bb6 Qb8 19. Bd3 Ne8 20. Ke2 Nac7 21. Ba7 Qa8
1-0

[Event "Lichtenberger Sommer"]
[Site "Berlin"]
[Date "2009.08.16"]
[Round "2.44"]
[White "Große-Honebrink, Brigitte"]
[Black "Albrecht, Rainer"]
[Result "1/2-1/2"]
[WhiteElo "1926"]
[BlackElo "2141"]
[PlyCount "117"]
[EventDate "2009.??.??"]
[WhiteTeam "SC Kreuzberg e.V."]
[BlackTeam "SC Kreuzberg e.V."]

1. c4 d6 2. Nf3 e5 3. e4 Nf6 4. d4 Nbd7 5. Nc3 Be7 6. Be2 O-O 7. O-O c6 8. Qc2
a6 9. Bg5 Re8 10. Rad1 Qc7 11. Bh4 Bf8 12. Rfe1 Qb8 13. a4 a5 14. Bd3 g6 15.
Ne2 Bg7 16. dxe5 dxe5 17. c5 Qa7 18. Rc1 Bf8 19. Bxf6 Nxf6 20. Nd2 Be6 21. Rf1
Nd7 22. Nc4 Bxc5 23. Kh1 Bxf2 24. Nd6 Rf8 25. Bc4 Bxc4 26. Qxc4 Kg7 27. Nxb7
Be3 28. Rc3 Qxb7 29. Rxe3 f6 30. Rb3 Qa6 31. Qxa6 Rxa6 32. Rb7 Rf7 33. Rc1 Nf8
34. Rb8 Rd7 35. Kg1 Rd2 36. Kf1 Nd7 37. Rb7 Kf7 38. Ke1 Rd6 39. Rd1 Rxd1+ 40.
Kxd1 Ke6 41. Nc3 Rb6 42. Rxb6 Nxb6 43. Kc2 Nc4 44. Nd1 f5 45. Kc3 Nd6 46. exf5+
gxf5 47. b4 axb4+ 48. Kxb4 Kd5 49. a5 c5+ 50. Kb3 Kc6 51. Nc3 e4 52. g3 Nb5 53.
Nd1 Nd6 54. Nc3 Kb7 55. Na4 Ka6 56. Nxc5+ Kxa5 57. Ne6 Kb5 58. Kc3 h6 59. Kd4
1/2-1/2

[Event "Lichtenberger Sommer"]
[Site "Berlin"]
[Date "2009.08.16"]
[Round "2.45"]
[White "Kapp, Frank"]
[Black "Ozeran, Volodymyr"]
[Result "0-1"]
[WhiteElo "1824"]
[BlackElo "2064"]
[PlyCount "108"]
[EventDate "2009.??.??"]
[WhiteTeam "TSV IFA Chemnitz"]
[BlackTeam "SK Dessau 93 e. V."]

1. d4 Nf6 2. c4 e6 3. Nc3 d5 4. Bf4 Bd6 5. Bxd6 Qxd6 6. c5 Qe7 7. Nf3 O-O 8. e3
Nbd7 9. Bb5 c6 10. Ba4 e5 11. Qe2 Re8 12. b4 exd4 13. Nxd4 Ne4 14. Nxe4 Qxe4
15. Bc2 Qe5 16. Qd3 Nf6 17. O-O-O a5 18. a3 axb4 19. axb4 Bg4 20. f3 Bh5 21.
Kd2 Ra2 22. Qc3 Bg6 23. Rc1 Rea8 24. Ra1 h6 25. Rxa2 Rxa2 26. Qb3 Ra8 27. Bxg6
fxg6 28. g3 Kh7 29. Qb2 Re8 30. Qc3 Qh5 31. h4 Qxf3 32. Nxf3 Ne4+ 33. Kd3 Nxc3
34. Nd4 Ne4 35. Rf1 Kg8 36. g4 Rf8 37. Rxf8+ Kxf8 38. Ne6+ Ke7 39. Nf4 Nf2+ 40.
Kd4 Nxg4 41. Nxg6+ Kf6 42. Nf4 Kf5 43. b5 g5 44. Ng2 Nf6 45. b6 Nd7 46. hxg5
hxg5 47. Ne1 Nf8 48. Nd3 g4 49. e4+ dxe4 50. Ne1 Ne6+ 51. Kc4 Kf4 52. Nc2 g3
53. Nb4 g2 54. Nxc6 g1=Q 0-1

[Event "Lichtenberger Sommer"]
[Site "Berlin"]
[Date "2009.08.16"]
[Round "2.47"]
[White "Badestein, Hartmut"]
[Black "Stark, Steven"]
[Result "1-0"]
[WhiteElo "2182"]
[BlackElo "1169"]
[PlyCount "95"]
[EventDate "2009.??.??"]
[WhiteTeam "SC Friesen Lichtenberg e.V."]
[BlackTeam "VfB Hermsdorf e.V."]

1. e4 e5 2. Nf3 Nc6 3. Bb5 a6 4. Ba4 b5 5. Bb3 Nf6 6. Ng5 d5 7. exd5 Nxd5 8.
Qf3 Be6 9. Nxe6 fxe6 10. Nc3 Nd4 11. Qh5+ g6 12. Qxe5 Nxb3 13. axb3 Nf6 14.
Qxe6+ Be7 15. O-O Kf8 16. d3 Qd6 17. Qxd6 Bxd6 18. Nxb5 Kf7 19. Nxd6+ cxd6 20.
Re1 Rhc8 21. c3 Ng4 22. Bf4 d5 23. f3 Nf6 24. Bg5 Rc6 25. Bxf6 Kxf6 26. d4 Rb8
27. b4 h6 28. Re5 Kf7 29. Kf2 Rd6 30. h4 Rbb6 31. Ke3 Re6 32. Kd3 Red6 33. Ra5
Rb5 34. Rxb5 axb5 35. b3 Kf8 36. c4 bxc4+ 37. bxc4 dxc4+ 38. Kxc4 Kf7 39. b5
Kf6 40. Kc5 Rd8 41. b6 Rc8+ 42. Kb5 Rc2 43. b7 Rxg2 44. Kc6 Rc2+ 45. Rc5 Rf2
46. b8=Q Rxf3 47. Qf8+ Ke6 48. Re5# 1-0

[Event "Lichtenberger Sommer"]
[Site "Berlin"]
[Date "2009.08.16"]
[Round "2.48"]
[White "Gülke, Volker"]
[Black "Ziems, Michael"]
[Result "0-1"]
[WhiteElo "2168"]
[BlackElo "1743"]
[PlyCount "70"]
[EventDate "2009.??.??"]
[WhiteTeam "SV Eutin von 1875"]
[BlackTeam "SV Empor Berlin e.V."]

1. e4 e6 2. f4 d5 3. e5 c5 4. Nf3 Nc6 5. g3 Nh6 6. Bg2 Be7 7. O-O Nf5 8. c3 Qb6
9. d3 Bd7 10. Na3 h5 11. Nc2 h4 12. g4 h3 13. Bh1 Nh6 14. Ne3 O-O-O 15. g5 Nf5
16. Nxf5 exf5 17. Qb3 Qa6 18. Qc2 f6 19. d4 Kb8 20. Be3 cxd4 21. cxd4 Nb4 22.
Qd2 Bb5 23. Rfd1 fxg5 24. fxg5 Qg6 25. a4 Ba6 26. Ra3 Nc6 27. Raa1 Bb4 28. Qf2
f4 29. Bxf4 Rdf8 30. Qe3 Ne7 31. Bg3 Nf5 32. Qb3 Nxg3 33. hxg3 Be7 34. Qxd5 h2+
35. Kf2 Qc2+ 0-1

[Event "Lichtenberger Sommer"]
[Site "Berlin"]
[Date "2009.08.16"]
[Round "2.49"]
[White "Maslov, Maxim"]
[Black "Poseck, Steffen"]
[Result "0-1"]
[WhiteElo "1412"]
[BlackElo "2105"]
[PlyCount "52"]
[EventDate "2009.??.??"]
[WhiteTeam "vereinslos"]
[BlackTeam "BSV 63 Chemie Weißensee"]

1. e4 c5 2. Nc3 Nc6 3. g3 g6 4. Bg2 Bg7 5. d3 Rb8 6. f4 b5 7. Nf3 b4 8. Ne2 Nd4
9. O-O e6 10. e5 Qb6 11. Be3 Nxe2+ 12. Qxe2 Ne7 13. d4 Ba6 14. dxc5 Qa5 15. Qd2
Bxf1 16. Rxf1 Nd5 17. Rd1 O-O 18. Ng5 Nxe3 19. Qxe3 Rfc8 20. Rxd7 Qxc5 21. Qxc5
Rxc5 22. Rxa7 Rxc2 23. b3 h6 24. Ne4 Rd8 25. Nd6 Bf8 26. Nc4 Bc5+ 0-1